000 00701nam a2200217 u 4500
005 20251104063908.0
008 151016s2013 r 000 0 eng d
035 _aUPN01000206072
049 _aCG
050 4 _aBL2747.8
_bR6.4
100 1 _aRodríguez Zepeda, Jesús
_935189
245 1 0 _aLaicidad y discriminación /
_cJesús Rodríguez Zepeda.
260 _aMéxico :
_bUNAM, Instituto de Investigaciones Jurídicas,
_c2013.
300 _a58 p.
440 0 _aCuadernos "Jorge Carpizo".
_pPara entender y pensar la laicidad ;
_v18
650 4 _aSECULARISMO
_98612
650 2 _aLibertad religiosa
_922910
650 4 _aDISCRIMINACION RELIGIOSA
_922912
905 _aLibro
999 _c178173
_d178173